000
00214 a2200085 4500
020
_a
978-1119467472
100
_a
Michael Lewrick, Patrick Link, Larry Leifer
245
_a
Design Thinking Playbk
260
_b
Wiley
_c
2018
999
_c
13185
_d
13185